书目信息 |
| 题名: |
高效节能日光温室园艺
|
|
| 作者: | 张真和 主编 | |
| 分册: | ||
| 出版信息: | 北京 中国农业出版社 1996.12 |
|
| 页数: | 429页 | |
| 开本: | 19cm | |
| 丛书名: | ||
| 单 册: | ||
| 中图分类: | S62 | |
| 科图分类: | ||
| 主题词: | 园艺--温室栽培 , 园艺--设施 , 保护地栽培 | |
| 电子资源: | ||
| ISBN: | 7-109-04248-0 | |
| 000 | 00732nam0 2200229 450 | |
| 001 | 0732675202 | |
| 005 | 20071227090700.72 | |
| 010 | @a7-109-04248-0@dCNY15.00 | |
| 100 | @a20071227d1996 km y0chiy0120 ea | |
| 101 | 0 | @achi |
| 102 | @aCN@b110000 | |
| 200 | 1 | @a高效节能日光温室园艺@Agao xiao jie neng ri guang wen shi yuan yi@e蔬菜果树花卉栽培新技术@f张真和主编@Fzhang zhen he zhu bian |
| 210 | @a北京@c中国农业出版社@d1996.12 | |
| 215 | @a429页@d19cm | |
| 517 | 1 | @a蔬菜果树花卉栽培新技术@Ashu cai guo shu hua hui zai pei xin ji shu |
| 606 | 0 | @a园艺@x温室栽培 |
| 606 | 0 | @a园艺@x设施 |
| 606 | 0 | @a保护地栽培 |
| 690 | @aS62@v4 | |
| 701 | 0 | @a张真和@Azhang zhen he@4主编 |
| 801 | 0 | @aCN@bPFT@c20071227 |
| 905 | @aBZT@dS62@e20 | |
| 高效节能日光温室园艺:蔬菜果树花卉栽培新技术/张真和主编.-北京:中国农业出版社,1996.12 |
| 429页;19cm |
| ISBN 7-109-04248-0:CNY15.00 |
| ● |
| 相关链接 |
|
|
|
正题名:高效节能日光温室园艺
索取号:S62/20
 
预约/预借
| 序号 | 登录号 | 条形码 | 馆藏地/架位号 | 状态 | 备注 |
| 1 | 068623 | 220002660 | 中心书库中库/ 中库032架B面1列1层19/ [索取号:S62/20] | 在馆 | |
| 2 | 068624 | 220002659 | 中心书库中库/ 中库032架B面1列1层18/ [索取号:S62/20] | 在馆 | |
| 3 | 070042 | 220002658 | 中心书库中库/ 中库032架B面1列1层20/ [索取号:S62/20] | 在馆 | |
| 4 | 070043 | 220002657 | 中心书库中库/ 中库031架A面7列1层66/ [索取号:S62/20] | 在馆 |